| 000 | 00778nam a2200277Ia 4500 | ||
|---|---|---|---|
| 008 | 160803s9999 xx 000 0 und d | ||
| 020 | _a9780590135207 | ||
| 100 | _aChristletow, Eileen | ||
| 245 | _aFive little monkeys sitting in a tree / | ||
| 245 | _cEileen Christelow. | ||
| 260 | _aNew York : | ||
| 260 | _bScholastic Inc. | ||
| 260 | _c1991 | ||
| 300 | _a1 volume (unpaged) : | ||
| 300 | _bcolor illustrations ; | ||
| 300 | _c13 x 16 cm | ||
| 500 | _a"This edition is only available for distribution through the school market"--Page 4 of cover. | ||
| 650 | _aCounting -- | ||
| 650 | _aCrocodiles -- | ||
| 650 | _aMonkeys -- | ||
| 650 | _aStories in rhyme. | ||
| 650 | _x Fiction. | ||
| 650 | _xFiction. | ||
| 650 | _xFiction. | ||
| 700 | _a440 | ||
| 999 |
_c298131 _d298131 |
||